LIBRARY & INFORMATION CENTRE, KCAET, TAVANUR

ONLINE PUBLIC ACCESS CATALOGUE (OPAC)

Workshop pariseelanam / (Record no. 10943)

MARC details
000 -LEADER
fixed length control field 00616cam a2200253ua 4500
041 ## - LANGUAGE CODE
Language code of text/sound track or separate title mal
082 ## - DEWEY DECIMAL CLASSIFICATION NUMBER
Classification number 621.9
Item number SUD/WO
100 ## - MAIN ENTRY--AUTHOR NAME
Personal name Sudhakaran, K .
245 ## - TITLE STATEMENT
Title Workshop pariseelanam /
250 ## - EDITION STATEMENT
Edition statement 1 /
260 ## - PUBLICATION, DISTRIBUTION, ETC. (IMPRINT)
Place of publication Thiruvananthapuram :
Name of publisher State Instititute of Languages ,
Year of publication 1975.
300 ## - PHYSICAL DESCRIPTION
Number of Pages 133 ; .
942 ## - ADDED ENTRY ELEMENTS (KOHA)
Koha item type Books
Holdings
Withdrawn status Lost status Damaged status Home library Current library Date acquired Full call number Accession Number Koha item type
Withdrawn     KAUAET KAUAET 07/04/2012 621.9 14171 Books
      KAUAET KAUAET 07/04/2012 621.9 14176 Books
      KAUAET KAUAET 07/04/2012 621.9 13476 Books
      KAUAET KAUAET 07/04/2012 621.9 14172 Books
      KAUAET KAUAET 07/04/2012 621.9 14168 Books
      KAUAET KAUAET 07/04/2012 621.9 14167 Books
Withdrawn     KAUAET KAUAET 07/04/2012 621.9 14173 Books
      KAUAET KAUAET 25/10/2023 621.9 SUD/WO 14169 Books
      KAUAET KAUAET 26/10/2023 621.9 SUD/WO 14170 Books
free website counter